[Event "Pere Noel"]
[Site "Montreal CAN"]
[Date "2016.12.26"]
[Round "1.16"]
[White "Prahov, Valentin"]
[Black "Steinberg, Ellis"]
[Result "1-0"]
[WhiteElo "2122"]
[BlackElo "1750"]
[PlyCount "50"]
[EventDate "2016.12.26"]
[EventType "swiss"]
[EventRounds "5"]
[EventCountry "CAN"]

1. e4 g6 2. d4 Bg7 3. Nc3 c6 4. Bc4 d6 5. Nf3 Nf6 6. O-O O-O 7. h3 b5 8. Bd3 b4
9. Na4 Ba6 10. a3 Bxd3 11. cxd3 a5 12. axb4 axb4 13. Bd2 Na6 14. Qc2 Qc7 15.
Rfc1 Rfc8 16. Qc4 Qb7 17. b3 d5 18. Qc2 Nd7 19. e5 e6 20. Be3 Bf8 21. Qd2 c5
22. Nxc5 Naxc5 23. Rxa8 Qxa8 24. dxc5 Nxc5 25. Qc2 Rc7 1-0

[Event "Pere Noel"]
[Site "Montreal CAN"]
[Date "2016.12.26"]
[Round "1.17"]
[White "Goldner, John"]
[Black "Larochelle, Martial"]
[Result "0-1"]
[WhiteElo "1714"]
[BlackElo "2119"]
[PlyCount "56"]
[EventDate "2016.12.26"]
[EventType "swiss"]
[EventRounds "5"]
[EventCountry "CAN"]

1. e4 e5 2. Nf3 Nc6 3. Bc4 Bc5 4. O-O Nf6 5. d3 O-O 6. c3 a6 7. Re1 d6 8. a3
Ng4 9. Re2 Be6 10. b4 Bb6 11. Nbd2 Qd7 12. Bb2 Ba7 13. d4 exd4 14. cxd4 d5 15.
exd5 Bxd5 16. Ne5 Ncxe5 17. dxe5 Rad8 18. Qb3 Nxf2 19. Rxf2 Bxf2+ 20. Kxf2 Qf5+
21. Kg1 Bxg2 22. e6 Rxd2 23. exf7+ Kh8 24. Bxg7+ Kxg7 25. Qc3+ Qf6 26. Qxd2 Be4
27. Qe1 Qd4+ 28. Kf1 Qxc4+ 0-1

[Event "Pere Noel"]
[Site "Montreal CAN"]
[Date "2016.12.27"]
[Round "2.4"]
[White "Robichaud, Louis"]
[Black "Yu, Zong Yang"]
[Result "0-1"]
[WhiteElo "2141"]
[BlackElo "2476"]
[PlyCount "50"]
[EventDate "2016.12.26"]
[EventType "swiss"]
[EventRounds "5"]
[EventCountry "CAN"]

1. e4 c5 2. d3 Nc6 3. g3 g6 4. Bg2 Bg7 5. f4 e6 6. Nf3 Nge7 7. O-O O-O 8. Nc3
d6 9. Be3 Nd4 10. e5 Bd7 11. Ne4 Nef5 12. Bf2 Nxf3+ 13. Qxf3 Bc6 14. c3 Rc8 15.
exd6 Nxd6 16. Qe2 b6 17. Rad1 Re8 18. Nxd6 Bxg2 19. Kxg2 Qxd6 20. Qf3 Qd7 21.
d4 cxd4 22. Bxd4 Qa4 23. Bxg7 Kxg7 24. a3 Red8 25. Rd3 Qc2+ 0-1

[Event "Pere Noel"]
[Site "Montreal CAN"]
[Date "2016.12.27"]
[Round "2.5"]
[White "Masse, Hugues"]
[Black "Ouellet, Maili-Jade"]
[Result "1-0"]
[WhiteElo "2314"]
[BlackElo "1959"]
[PlyCount "71"]
[EventDate "2016.12.26"]
[EventType "swiss"]
[EventRounds "5"]
[EventCountry "CAN"]

1. d4 d5 2. c4 e6 3. Nf3 Nf6 4. g3 Be7 5. Bg2 O-O 6. O-O dxc4 7. Qc2 b6 8. Qxc4
Bb7 9. Nc3 Nbd7 10. b4 c5 11. dxc5 bxc5 12. b5 Nb6 13. Qb3 Nfd5 14. Rd1 Qc7 15.
Bb2 Bf6 16. Nxd5 Bxd5 17. Qc2 Bxb2 18. Qxb2 Qb7 19. Qc2 Qe7 20. Ne5 c4 21. a4
Bxg2 22. Kxg2 Qc5 23. Qe4 Rfc8 24. Qd4 a6 25. a5 Qxd4 26. Rxd4 axb5 27. axb6
Rxa1 28. b7 Re8 29. Nc6 c3 30. Rd8 Rxd8 31. Nxd8 c2 32. b8=Q h5 33. Nxf7+ Kh7
34. Qh8+ Kg6 35. Ne5+ Kf6 36. Qf8+ 1-0

[Event "Pere Noel"]
[Site "Montreal CAN"]
[Date "2016.12.27"]
[Round "2.6"]
[White "Larochelle, Martial"]
[Black "Zhu, Hong Rui"]
[Result "0-1"]
[WhiteElo "2119"]
[BlackElo "2311"]
[PlyCount "132"]
[EventDate "2016.12.26"]
[EventType "swiss"]
[EventRounds "5"]
[EventCountry "CAN"]

1. d4 d5 2. Bf4 Nf6 3. e3 c5 4. c3 Nc6 5. Nd2 Bf5 6. Ngf3 e6 7. Nh4 Bg4 8. Be2
Bxe2 9. Qxe2 Be7 10. h3 O-O 11. Nhf3 cxd4 12. exd4 Qa5 13. O-O b5 14. a3 Qb6
15. Ne5 Nxe5 16. Bxe5 a5 17. Qd3 b4 18. cxb4 axb4 19. a4 Rfc8 20. Rfe1 Nd7 21.
Nf3 Rc4 22. Qe3 b3 23. a5 Rxa5 24. Rxa5 Qxa5 25. Qxb3 Qb4 26. Re3 h6 27. Qxb4
Bxb4 28. b3 Rc1+ 29. Kh2 Rc2 30. Bg3 Rb2 31. Kg1 Rb1+ 32. Kh2 Kf8 33. Ne5 Nxe5
34. Bxe5 Rd1 35. Kg3 f6 36. Bb8 Kf7 37. Ba7 Bd2 38. Rf3 Bc1 39. b4 Bb2 40. b5
Bxd4 41. Bxd4 Rxd4 42. Rb3 Rc4 43. b6 Rc8 44. b7 Rb8 45. f4 Ke7 46. Kf3 Kd6 47.
Rb6+ Kc5 48. Rxe6 Rxb7 49. f5 Kd4 50. Kg4 Kd3 51. Rd6 d4 52. Kf3 Re7 53. g3 Kc3
54. Rc6+ Kd2 55. Rd6 d3 56. h4 Kc2 57. Rc6+ Kd1 58. Kf2 Re2+ 59. Kf1 Re5 60. g4
Re4 61. Kf2 Rxg4 62. Ke3 d2 63. Rd6 Ke1 64. Rxd2 Rg3+ 65. Kf4 Kxd2 66. Kxg3 h5
0-1

[Event "Pere Noel"]
[Site "Montreal CAN"]
[Date "2016.12.27"]
[Round "2.7"]
[White "Ivakhin, Mikhail"]
[Black "Voskanyan, Vahagn"]
[Result "1/2-1/2"]
[WhiteElo "2012"]
[BlackElo "2251"]
[PlyCount "111"]
[EventDate "2016.12.26"]
[EventType "swiss"]
[EventRounds "5"]
[EventCountry "CAN"]

1. c4 c5 2. Nc3 Nc6 3. Nf3 Nf6 4. d4 cxd4 5. Nxd4 d6 6. g3 g6 7. Bg2 Bd7 8. Nf3
Bg7 9. O-O Rc8 10. Bg5 a6 11. Rc1 h6 12. Be3 Ng4 13. Bf4 O-O 14. h3 Nge5 15.
Nxe5 Nxe5 16. b3 b5 17. cxb5 axb5 18. Nd5 Nc6 19. Be3 Rb8 20. Qd2 Kh7 21. b4
Ne5 22. Ba7 Ra8 23. Bb6 Qb8 24. Bc7 Qe8 25. Ba5 Nc4 26. Rxc4 Rxa5 27. Re4 Ra4
28. Rxe7 Qd8 29. Rxd7 Qxd7 30. Nb6 Qa7 31. Nxa4 Qxa4 32. Rc1 Qa7 33. Rc2 Be5
34. e3 Rd8 35. Qd5 Rb8 36. Kh2 Rb6 37. f4 Bg7 38. f5 Qe7 39. fxg6+ fxg6 40. Rc8
h5 41. Be4 Kh6 42. h4 Be5 43. Kg2 Ra6 44. Rc2 Ra3 45. Re2 Rc3 46. Bf3 Qa7 47.
Qd2 Rc4 48. Rf2 Rc3 49. Re2 Qa3 50. e4+ Kg7 51. Rf2 Qxb4 52. Qg5 Qc4 53. Qe7+
Kh6 54. Qf8+ Kh7 55. Qe7+ Kh8 56. Qf8+ 1/2-1/2

[Event "Pere Noel"]
[Site "Montreal CAN"]
[Date "2016.12.27"]
[Round "2.10"]
[White "Huang, Qiuyu"]
[Black "Yao, Houji"]
[Result "1/2-1/2"]
[WhiteElo "2205"]
[BlackElo "2013"]
[PlyCount "114"]
[EventDate "2016.12.26"]
[EventType "swiss"]
[EventRounds "5"]
[EventCountry "CAN"]

1. e4 c5 2. Nf3 e6 3. d4 cxd4 4. Nxd4 a6 5. Bd3 Nf6 6. Qe2 d6 7. c4 Qc7 8. Nc3
Be7 9. Be3 b6 10. h3 Bb7 11. f4 Nbd7 12. Nb3 Rc8 13. O-O O-O 14. a4 Nc5 15.
Nxc5 bxc5 16. Bd2 Nd7 17. Rad1 Bf6 18. Bc2 Nb8 19. Qd3 g6 20. b3 Nc6 21. Ne2
Rcd8 22. Bc3 Bxc3 23. Qxc3 Rfe8 24. Ng3 Nd4 25. Rf2 f5 26. Bb1 a5 27. Ne2 Nc6
28. Qg3 Qg7 29. Nc3 Nd4 30. Nb5 fxe4 31. Qe3 Nf5 32. Qe1 d5 33. Qxa5 Rd7 34.
Re2 Qf8 35. Qb6 Ng3 36. Ree1 Qxf4 37. Qxc5 Red8 38. Qb6 e5 39. cxd5 Bxd5 40.
Nc3 Qf7 41. b4 Bb3 42. Rxd7 Qxd7 43. Bxe4 Qd4+ 44. Qxd4 exd4 45. Nb1 Nxe4 46.
Rxe4 Bc2 47. Re1 Bxa4 48. Rc1 Kf7 49. Kf2 Ke6 50. Nd2 d3 51. Ke3 Bc2 52. Nf3
Kd5 53. Kd2 Kc4 54. Ne1 Kxb4 55. Nxc2+ dxc2+ 56. Kxc2 Rc8+ 57. Kd2 Rxc1 1/2-1/2

[Event "Pere Noel"]
[Site "Montreal CAN"]
[Date "2016.12.27"]
[Round "2.11"]
[White "Gueorguiev, Valentin"]
[Black "Leveille, Francois"]
[Result "0-1"]
[WhiteElo "1982"]
[BlackElo "2336"]
[PlyCount "48"]
[EventDate "2016.12.26"]
[EventType "swiss"]
[EventRounds "5"]
[EventCountry "CAN"]

1. d4 Nf6 2. c4 g6 3. g3 Bg7 4. Bg2 O-O 5. Nc3 d6 6. Nf3 Nbd7 7. O-O e5 8. e4
exd4 9. Nxd4 Re8 10. h3 a6 11. Be3 Rb8 12. a4 Nc5 13. Qc2 a5 14. Nb3 Nxb3 15.
Qxb3 Be6 16. Rad1 Nd7 17. f4 b6 18. Ne2 Nc5 19. Qc2 Qd7 20. f5 Bxf5 21. Bxc5
bxc5 22. exf5 Rxb2 23. Qd3 Rexe2 24. Bf3 Bd4+ 0-1

[Event "Pere Noel"]
[Site "Montreal CAN"]
[Date "2016.12.27"]
[Round "2.12"]
[White "Soudre, Nicolas"]
[Black "Destree, Frederic"]
[Result "1-0"]
[WhiteElo "2261"]
[BlackElo "1935"]
[PlyCount "71"]
[EventDate "2016.12.26"]
[EventType "swiss"]
[EventRounds "5"]
[EventCountry "CAN"]

1. e4 c5 2. Nc3 g6 3. f4 Bg7 4. Nf3 Nc6 5. Bb5 Nd4 6. Bd3 d6 7. Nxd4 cxd4 8.
Ne2 Nf6 9. c3 e5 10. Bc2 O-O 11. d3 Ng4 12. Bb3 Qh4+ 13. g3 Qh3 14. Ng1 Qg2 15.
Qf3 Qxf3 16. Nxf3 exf4 17. cxd4 fxg3 18. hxg3 Be6 19. Bd1 h6 20. Bf4 Rfd8 21.
Rc1 Rac8 22. Rxc8 Bxc8 23. Ke2 Be6 24. Ba4 g5 25. Bd2 a6 26. Ba5 b6 27. Bc3 b5
28. Bb3 Kf8 29. Bb4 Ke8 30. Rc1 Bxb3 31. axb3 Kd7 32. Ra1 Ra8 33. Bc3 f6 34. d5
Ne5 35. Nd4 a5 36. Nxb5 1-0

[Event "Pere Noel"]
[Site "Montreal CAN"]
[Date "2016.12.27"]
[Round "2.14"]
[White "Durette, Francis"]
[Black "Zumsteg, Nicolas"]
[Result "1-0"]
[WhiteElo "2106"]
[BlackElo "1862"]
[PlyCount "139"]
[EventDate "2016.12.26"]
[EventType "swiss"]
[EventRounds "5"]
[EventCountry "CAN"]

1. e4 e5 2. Nf3 Nf6 3. Nxe5 d6 4. Nf3 Nxe4 5. d4 d5 6. Bd3 Bd6 7. O-O O-O 8. c4
c6 9. Bxe4 dxe4 10. Ng5 Bf5 11. Nc3 h6 12. Ngxe4 Bxe4 13. Nxe4 Bxh2+ 14. Kxh2
Qh4+ 15. Kg1 Qxe4 16. Qb3 b6 17. Rd1 Nd7 18. Qg3 Kh7 19. Bd2 Nf6 20. Rac1 Rad8
21. Bc3 Rd7 22. Re1 Qg6 23. Qf3 Ng8 24. Re5 Rfd8 25. Rce1 Qd6 26. c5 Qg6 27. b4
b5 28. a4 a6 29. a5 Rd5 30. Qe4 Nf6 31. Qxg6+ Kxg6 32. Re7 R5d7 33. Bb2 Nd5 34.
Rxd7 Rxd7 35. Re8 Nxb4 36. Rc8 Kf5 37. Bc3 Nd5 38. Bd2 Nc7 39. f3 g5 40. Be1
Ne6 41. Rxc6 Nxd4 42. Rxa6 Ne6 43. Rb6 Ke5 44. Bg3+ Kd5 45. c6 Ra7 46. Rb7 Rxa5
47. c7 Ra1+ 48. Kh2 Rc1 49. Rxb5+ Kd4 50. Rb8 Nxc7 51. Rc8 Rb1 52. Bxc7 h5 53.
Rh8 g4 54. f4 Ke4 55. Rxh5 f5 56. Rh8 Rb7 57. Re8+ Kd5 58. Ba5 Rf7 59. Re5+ Kd6
60. Bb4+ Kc6 61. Kg3 Rf6 62. Kh4 Kd7 63. Kg5 Rb6 64. Bc3 Rb3 65. Re3 Rb5 66. g3
Rd5 67. Be5 Ke6 68. Rc3 Rd1 69. Rc6+ Kd5 70. Rd6+ 1-0

[Event "Pere Noel"]
[Site "Montreal CAN"]
[Date "2016.12.27"]
[Round "2.15"]
[White "Nesterov, Timour"]
[Black "Gauthier, Denis"]
[Result "0-1"]
[WhiteElo "1878"]
[BlackElo "2087"]
[PlyCount "64"]
[EventDate "2016.12.26"]
[EventType "swiss"]
[EventRounds "5"]
[EventCountry "CAN"]

1. e4 c5 2. Nf3 e6 3. d4 cxd4 4. Nxd4 Nc6 5. c4 Nf6 6. Nc3 Bb4 7. Nxc6 bxc6 8.
Bd3 e5 9. O-O O-O 10. Bg5 Be7 11. Kh1 Rb8 12. b3 d6 13. f4 h6 14. fxe5 hxg5 15.
exf6 Bxf6 16. Rc1 Qe7 17. Qf3 Be5 18. Ne2 g6 19. Rcd1 Kg7 20. Rf2 Rh8 21. g3
Be6 22. Bb1 c5 23. Nc3 Rh3 24. Rg2 g4 25. Qe3 Rbh8 26. Rdd2 Qf6 27. Rdf2 Qe7
28. Re2 Bd4 29. Qd3 Qg5 30. Rc2 Qf6 31. Nd5 Qf3 32. Qxf3 gxf3 0-1

[Event "Pere Noel"]
[Site "Montreal CAN"]
[Date "2016.12.27"]
[Round "2.16"]
[White "Marin, Sam"]
[Black "Guipi Bopala, Prince Eric jr"]
[Result "0-1"]
[WhiteElo "2020"]
[BlackElo "1806"]
[PlyCount "100"]
[EventDate "2016.12.26"]
[EventType "swiss"]
[EventRounds "5"]
[EventCountry "CAN"]

1. b3 e5 2. Bb2 Nc6 3. e3 Nf6 4. Nf3 d6 5. c4 Be7 6. Nc3 O-O 7. d3 Re8 8. Be2
Bf8 9. O-O Ne7 10. d4 exd4 11. exd4 Ng6 12. g3 Bg4 13. d5 Rxe2 14. Nxe2 Bxf3
15. Qd3 Bxe2 16. Qxe2 Nd7 17. Rae1 Be7 18. f4 Bf6 19. Bxf6 Qxf6 20. Rf3 Qd4+
21. Kg2 Nf6 22. Rd3 Qc5 23. Re3 b5 24. Qc2 Nxd5 25. Re8+ Rxe8 26. Rxe8+ Nf8 27.
Qf2 Qxf2+ 28. Kxf2 bxc4 29. bxc4 Nb6 30. Re7 Ne6 31. Re8+ Nf8 32. Re7 Nfd7 33.
Re8+ Nf8 34. Ke2 f6 35. c5 dxc5 36. Rb8 a5 37. Rb7 Ne6 38. f5 Nd4+ 39. Kd3 Nb5
40. a4 c4+ 41. Kd2 Nd6 42. Rxc7 Nxa4 43. Ra7 c3+ 44. Kd1 Nc4 45. Ra8+ Kf7 46.
Ra7+ Kf8 47. Ra8+ Ke7 48. Ra7+ Kd6 49. Rxg7 Ne3+ 50. Kc1 Nc5 0-1

[Event "Pere Noel"]
[Site "Montreal CAN"]
[Date "2016.12.27"]
[Round "2.17"]
[White "Zhong, Kevin"]
[Black "Bouchard, Jean-Marc"]
[Result "0-1"]
[WhiteElo "1819"]
[BlackElo "1986"]
[PlyCount "122"]
[EventDate "2016.12.26"]
[EventType "swiss"]
[EventRounds "5"]
[EventCountry "CAN"]

1. e4 e6 2. Nf3 d5 3. e5 c5 4. b4 b6 5. a3 Ne7 6. c3 Qd7 7. d4 cxd4 8. cxd4 Ba6
9. Bxa6 Nxa6 10. O-O Ng6 11. Qd3 b5 12. Nc3 Rb8 13. h4 h5 14. g3 Be7 15. Ng5
Bd8 16. Rb1 Ne7 17. a4 Nc7 18. axb5 Nxb5 19. Na4 Nf5 20. Nc5 Qe7 21. Nf3 O-O
22. Bg5 Qe8 23. Bf4 Bb6 24. Kh2 Bxc5 25. dxc5 Qc6 26. Rg1 a5 27. g4 hxg4 28.
Rxg4 axb4 29. Rbg1 Qxc5 30. Qf1 Rfc8 31. h5 Kf8 32. Nh4 Nxh4 33. Rxh4 Nd4 34.
Qg2 Nf5 35. h6 gxh6 36. Bxh6+ Ke7 37. Rh3 Rg8 38. Bg5+ Kd7 39. Qf3 Rh8 40. Rc1
Qd4 41. Bf4 Rxh3+ 42. Kxh3 Qe4 43. Qxe4 dxe4 44. Rd1+ Kc6 45. Rc1+ Kd5 46. Rd1+
Kc6 47. Rc1+ Kb6 48. Rc4 Kb5 49. Rxe4 Ne7 50. Kg3 Nd5 51. Bc1 Rc8 52. Bb2 Rc2
53. Bd4 b3 54. Re1 Kc4 55. Ba1 b2 56. Bxb2 Rxb2 57. Rc1+ Kd4 58. f4 Ke4 59.
Re1+ Kf5 60. Rf1 Rb3+ 61. Kh2 Nxf4 0-1

[Event "Pere Noel"]
[Site "Montreal CAN"]
[Date "2016.12.28"]
[Round "3.5"]
[White "Voskanyan, Vahagn"]
[Black "Lopez Linares, Lizandro"]
[Result "1-0"]
[WhiteElo "2251"]
[BlackElo "2239"]
[PlyCount "83"]
[EventDate "2016.12.26"]
[EventType "swiss"]
[EventRounds "5"]
[EventCountry "CAN"]

1. c4 c6 2. Nf3 d5 3. e3 Nf6 4. b3 Bf5 5. Bb2 Nbd7 6. Be2 e6 7. Nh4 Bg6 8. Nxg6
hxg6 9. d4 Bb4+ 10. Bc3 Bxc3+ 11. Nxc3 Qa5 12. Qd2 dxc4 13. bxc4 Rd8 14. Rb1 e5
15. O-O Nc5 16. Rfd1 O-O 17. Bf3 Qa6 18. Qc1 exd4 19. exd4 Ne6 20. d5 Nc5 21.
Qe3 Ncd7 22. Qf4 cxd5 23. cxd5 Rfe8 24. d6 b6 25. a4 Re5 26. Nb5 g5 27. Qb4 Nc5
28. Rd4 Ncd7 29. h3 g6 30. Rc1 Rc5 31. Rc3 Rdc8 32. Re3 Rc1+ 33. Kh2 R8c5 34.
Re7 Re5 35. Rc4 Rce1 36. Rc7 Rxe7 37. dxe7 Re5 38. Bc6 Rc5 39. Bb7 Qa5 40. Qxa5
bxa5 41. Rxd7 Kg7 42. Rc7 1-0

[Event "Pere Noel"]
[Site "Montreal CAN"]
[Date "2016.12.28"]
[Round "3.6"]
[White "Fillion, Steve"]
[Black "Ivakhin, Mikhail"]
[Result "1/2-1/2"]
[WhiteElo "2144"]
[BlackElo "2012"]
[PlyCount "123"]
[EventDate "2016.12.26"]
[EventType "swiss"]
[EventRounds "5"]
[EventCountry "CAN"]

1. e4 e6 2. Qe2 Nc6 3. g3 d5 4. d3 Nf6 5. Nf3 Bc5 6. Bg2 h6 7. O-O O-O 8. c3
dxe4 9. dxe4 a5 10. Rd1 Qe7 11. Nd4 e5 12. Nxc6 bxc6 13. Be3 Ba6 14. Bxc5 Qxc5
15. Qc2 Rfd8 16. Na3 Rd6 17. Rd2 Rad8 18. Rad1 Ng4 19. Rxd6 Rxd6 20. Rd2 Nf6
21. Qd1 Bc8 22. Nc2 Be6 23. a3 Ng4 24. Qe1 Bb3 25. Ne3 Nxe3 26. fxe3 Be6 27.
Bf3 Bc4 28. Kg2 Bd3 29. Kf2 Qc4 30. Qd1 c5 31. Be2 Rf6+ 32. Kg1 Bxe2 33. Qxe2
Qxe2 34. Rxe2 c4 35. Rd2 Rd6 36. Re2 a4 37. Kf2 g6 38. g4 Kg7 39. h4 Rd1 40.
Re1 Rd6 41. Re2 f6 42. Ke1 Rd3 43. Kf2 Kf7 44. Kf3 Rd1 45. Rh2 h5 46. gxh5 gxh5
47. Kg3 Ke6 48. Kf3 Rf1+ 49. Rf2 Rh1 50. Kg3 Rg1+ 51. Rg2 Re1 52. Kf3 Rh1 53.
Rg7 Rxh4 54. Rxc7 Rh3+ 55. Kg2 Rxe3 56. Rxc4 Re2+ 57. Kg3 Rxb2 58. Rxa4 Rb3 59.
Kh4 Rxc3 60. Kxh5 Rc6 61. Kg4 Rc3 62. Ra6+ 1/2-1/2

[Event "Pere Noel"]
[Site "Montreal CAN"]
[Date "2016.12.28"]
[Round "3.7"]
[White "Leveille, Francois"]
[Black "Robillard, Jean-Philippe"]
[Result "1-0"]
[WhiteElo "2336"]
[BlackElo "1832"]
[PlyCount "61"]
[EventDate "2016.12.26"]
[EventType "swiss"]
[EventRounds "5"]
[EventCountry "CAN"]

1. e4 e6 2. d4 d5 3. Nd2 dxe4 4. Nxe4 Nd7 5. Nf3 Ngf6 6. Bd3 Nxe4 7. Bxe4 Nf6
8. Bg5 Be7 9. Bxf6 Bxf6 10. Qd3 g6 11. Bxb7 Bxb7 12. Qb5+ Qd7 13. Qxb7 O-O 14.
O-O a5 15. b3 Rfd8 16. c3 Qd6 17. Qe4 Ra6 18. Rac1 a4 19. b4 a3 20. Rfe1 Bg7
21. Rb1 Rb8 22. g3 h5 23. h4 Rb5 24. c4 Rf5 25. b5 Ra4 26. c5 Qd8 27. b6 Rxf3
28. Qxf3 cxb6 29. cxb6 Bxd4 30. b7 Bb2 31. Qb3 1-0

[Event "Pere Noel"]
[Site "Montreal CAN"]
[Date "2016.12.28"]
[Round "3.8"]
[White "Gauthier, Denis"]
[Black "Soudre, Nicolas"]
[Result "0-1"]
[WhiteElo "2087"]
[BlackElo "2261"]
[PlyCount "42"]
[EventDate "2016.12.26"]
[EventType "swiss"]
[EventRounds "5"]
[EventCountry "CAN"]

1. d4 d5 2. c4 Nc6 3. cxd5 Qxd5 4. e3 e5 5. Nc3 Bb4 6. Bd2 Bxc3 7. bxc3 Qd6 8.
Rb1 Nf6 9. f3 O-O 10. Ne2 Re8 11. g3 Bf5 12. e4 Nxe4 13. fxe4 Bxe4 14. Rg1 exd4
15. Bf4 Qg6 16. Rxb7 d3 17. Kf2 dxe2 18. Bxe2 Rad8 19. Qa4 Nd4 20. cxd4 Bxb7
21. Bxc7 Qe4 0-1

[Event "Pere Noel"]
[Site "Montreal CAN"]
[Date "2016.12.28"]
[Round "3.9"]
[White "Bouchard, Jean-Marc"]
[Black "Huang, Qiuyu"]
[Result "0-1"]
[WhiteElo "1986"]
[BlackElo "2205"]
[PlyCount "128"]
[EventDate "2016.12.26"]
[EventType "swiss"]
[EventRounds "5"]
[EventCountry "CAN"]

1. Nf3 d5 2. g3 Nf6 3. Bg2 e6 4. d4 c6 5. b3 Be7 6. Bb2 O-O 7. O-O b6 8. c4
Nbd7 9. Nc3 Ba6 10. cxd5 cxd5 11. Re1 Rc8 12. Rc1 Bb7 13. e3 a6 14. a3 Rc7 15.
Qd3 Qa8 16. Nd2 Rfc8 17. b4 h6 18. h3 Ne8 19. e4 dxe4 20. Bxe4 Ndf6 21. Bxb7
Qxb7 22. Nce4 Nxe4 23. Qxe4 Qxe4 24. Nxe4 Rxc1 25. Rxc1 Rxc1+ 26. Bxc1 Nc7 27.
Nc3 f5 28. Bb2 Bf6 29. Na4 Nd5 30. Kf1 Kf8 31. Ke2 Ke7 32. Kd3 Kd6 33. Nc3 Nxc3
34. Bxc3 b5 35. f4 Kd5 36. h4 g6 37. Bb2 Bd8 38. Bc3 Bc7 39. Bd2 Kd6 40. Ke2
Bb6 41. Kd3 Kc6 42. Be1 Kd5 43. Bc3 Bd8 44. Bd2 Bf6 45. Bc3 g5 46. hxg5 hxg5
47. Bb2 gxf4 48. gxf4 Bd8 49. Bc1 Bc7 50. Bd2 Bd8 51. Be1 Be7 52. Bf2 Bd6 53.
Be3 Kc6 54. Ke2 Bb8 55. Bc1 Ba7 56. Kd3 Kd6 57. Bd2 Kd5 58. Be3 Bb6 59. Bg1 a5
60. Be3 axb4 61. axb4 Bd8 62. Bf2 Bf6 63. Be3 Be7 64. Bd2 Bd6 0-1

[Event "Pere Noel"]
[Site "Montreal CAN"]
[Date "2016.12.28"]
[Round "3.10"]
[White "Yao, Houji"]
[Black "Beaulieu, Eric"]
[Result "0-1"]
[WhiteElo "2013"]
[BlackElo "2202"]
[PlyCount "116"]
[EventDate "2016.12.26"]
[EventType "swiss"]
[EventRounds "5"]
[EventCountry "CAN"]

1. e4 e6 2. d4 d5 3. Nd2 Nf6 4. e5 Nfd7 5. Bd3 c5 6. c3 Nc6 7. Ne2 cxd4 8. cxd4
f6 9. exf6 Nxf6 10. O-O Bd6 11. Nf3 Qc7 12. Bg5 O-O 13. Qc1 Nh5 14. Kh1 Bd7 15.
a3 Rxf3 16. gxf3 Rf8 17. Qe3 Bxh2 18. b4 a6 19. Rad1 e5 20. Bb1 Bf4 21. Nxf4
exf4 22. Qb3 Qd6 23. Qc2 Rf5 24. Rg1 Ne7 25. Qc5 Qxc5 26. dxc5 Rf7 27. Rd4 Bc6
28. Re1 Nf5 29. Rd2 d4 30. Ba2 Bxf3+ 31. Kh2 Kf8 32. Bxf7 Kxf7 33. Re5 Kg6 34.
Bd8 Bc6 35. Re6+ Kf7 36. Re5 Kg6 37. Re6+ Kf7 38. Rxc6 bxc6 39. Kh3 Nf6 40. Kg2
Ne4 41. Rd3 Ke6 42. Kf3 Ke5 43. Bc7+ Kd5 44. Kxf4 Nh4 45. Bd8 Ng6+ 46. Kf5 Nxf2
47. Rd2 Ne4 48. Rd3 Ne5 49. Rh3 g6+ 50. Kf4 h5 51. Bc7 g5+ 52. Kf5 g4 53. Rb3
Nd2 54. Rg3 Nef3 55. Kg6 Ne4 56. Kxh5 Nxg3+ 57. Kxg4 d3 58. Kxf3 d2 0-1

[Event "Pere Noel"]
[Site "Montreal CAN"]
[Date "2016.12.28"]
[Round "3.11"]
[White "Ouellet, Maili-Jade"]
[Black "Robichaud, Louis"]
[Result "1-0"]
[WhiteElo "1959"]
[BlackElo "2141"]
[PlyCount "113"]
[EventDate "2016.12.26"]
[EventType "swiss"]
[EventRounds "5"]
[EventCountry "CAN"]

1. d4 Nf6 2. c4 g6 3. Nc3 Bg7 4. e4 d6 5. f4 O-O 6. Nf3 c5 7. d5 e6 8. Be2 exd5
9. cxd5 Bg4 10. O-O Nbd7 11. h3 Bxf3 12. Bxf3 Re8 13. Re1 Qa5 14. Be3 b5 15. a3
Nb6 16. e5 Nfd7 17. Be2 Na4 18. Nxb5 Nxb2 19. Qd2 Qxd2 20. Bxd2 dxe5 21. Nc7 c4
22. Nxa8 Rxa8 23. Rec1 e4 24. Rab1 Nb6 25. Rc2 Nd3 26. Rxb6 axb6 27. Rxc4 Nc5
28. Bb4 f5 29. Bxc5 bxc5 30. a4 Rd8 31. Rc2 Kf8 32. Bc4 Ra8 33. Ra2 Ke7 34. a5
Kd6 35. Kf1 Bc3 36. a6 Ra7 37. Ke2 Kc7 38. Ra3 Bb4 39. Ra1 Kb6 40. g4 Rg7 41.
Rg1 fxg4 42. Rxg4 Re7 43. Rg5 Bc3 44. Rg3 Bd4 45. Rb3+ Ka7 46. Bb5 Rf7 47. d6
Rxf4 48. d7 Bf6 49. Bc4 e3 50. Rb7+ Ka8 51. Bd5 Rd4 52. Bc6 Rd6 53. Rc7+ Kb8
54. Rb7+ Ka8 55. Be4 Rxa6 56. Rb6+ Ka7 57. Rxf6 1-0

[Event "Pere Noel"]
[Site "Montreal CAN"]
[Date "2016.12.28"]
[Round "3.13"]
[White "Guipi Bopala, Prince Eric jr"]
[Black "Larochelle, Martial"]
[Result "1-0"]
[WhiteElo "1806"]
[BlackElo "2119"]
[PlyCount "71"]
[EventDate "2016.12.26"]
[EventType "swiss"]
[EventRounds "5"]
[EventCountry "CAN"]

1. d4 Nf6 2. c4 e6 3. Nc3 Bb4 4. e3 O-O 5. Nge2 d5 6. a3 Be7 7. cxd5 exd5 8.
Nf4 c6 9. Bd3 Bd6 10. O-O Re8 11. Qc2 Nbd7 12. b4 a6 13. Rb1 Nf8 14. a4 Qc7 15.
b5 axb5 16. axb5 Bd7 17. bxc6 bxc6 18. Bd2 Ne6 19. Nxe6 Bxh2+ 20. Kh1 Rxe6 21.
g3 Bxg3 22. fxg3 Ne4 23. Bxe4 Qxg3 24. Bg2 Rh6+ 25. Kg1 Qh2+ 26. Kf2 Bh3 27.
Ke1 Bxg2 28. Rf2 Qg3 29. e4 dxe4 30. Bxh6 e3 31. Bxe3 Qxe3+ 32. Re2 Qg3+ 33.
Kd2 Qf4+ 34. Re3 Qf2+ 35. Ne2 Bf3 36. Qb3 1-0

[Event "Pere Noel"]
[Site "Montreal CAN"]
[Date "2016.12.28"]
[Round "3.15"]
[White "Hetman, Jacob"]
[Black "Durette, Francis"]
[Result "0-1"]
[WhiteElo "1398"]
[BlackElo "2106"]
[PlyCount "40"]
[EventDate "2016.12.26"]
[EventType "swiss"]
[EventRounds "5"]
[EventCountry "CAN"]

1. e4 e5 2. Nf3 Nc6 3. Bb5 a6 4. Ba4 Nf6 5. O-O Nxe4 6. Re1 Nc5 7. Bxc6 dxc6 8.
Nxe5 Be7 9. Qe2 Ne6 10. d3 Nd4 11. Qd1 O-O 12. c3 Nf5 13. Nd2 Be6 14. Ne4 Qd5
15. Nf3 Rad8 16. Nfg5 Qxd3 17. Qh5 h6 18. Nxe6 fxe6 19. g4 Nh4 20. Nd2 Qh3 0-1

[Event "Pere Noel"]
[Site "Montreal CAN"]
[Date "2016.12.28"]
[Round "3.16"]
[White "Gagnon, Serge"]
[Black "Marin, Sam"]
[Result "0-1"]
[WhiteElo "1958"]
[BlackElo "2020"]
[PlyCount "80"]
[EventDate "2016.12.26"]
[EventType "swiss"]
[EventRounds "5"]
[EventCountry "CAN"]

1. d4 Nf6 2. c4 e6 3. Nf3 b6 4. g3 Ba6 5. Qc2 Bb4+ 6. Bd2 Bxd2+ 7. Nbxd2 d5 8.
Bg2 O-O 9. O-O c6 10. Rac1 Nbd7 11. Rfe1 Bb7 12. b4 a5 13. b5 cxb5 14. cxb5 Rc8
15. Qd3 Ne4 16. Rxc8 Qxc8 17. Qb1 Nxd2 18. Nxd2 Qc3 19. Nb3 a4 20. Rc1 Qb4 21.
Na1 Qxd4 22. Qd3 Qb2 23. Qc2 Qxb5 24. Rb1 Qc6 25. Qxc6 Bxc6 26. Nc2 Rc8 27. Nd4
Bb7 28. f4 Ba6 29. Kf2 Kf8 30. Ke3 Ke7 31. Kd2 Kd6 32. Nb5+ Bxb5 33. Rxb5 Rc5
34. Rb4 Rc4 35. Rb1 Kc6 36. e3 Nc5 37. Kd1 Rc3 38. Kd2 Rd3+ 39. Ke2 Ra3 40. Rb2
b5 0-1

[Event "Pere Noel"]
[Site "Montreal CAN"]
[Date "2016.12.28"]
[Round "3.17"]
[White "Zumsteg, Nicolas"]
[Black "Gueorguiev, Valentin"]
[Result "1-0"]
[WhiteElo "1862"]
[BlackElo "1982"]
[PlyCount "127"]
[EventDate "2016.12.26"]
[EventType "swiss"]
[EventRounds "5"]
[EventCountry "CAN"]

1. e4 g6 2. d4 Bg7 3. Nf3 b6 4. Bd3 d6 5. O-O Nf6 6. e5 dxe5 7. dxe5 Ng4 8. Qe2
O-O 9. h3 Nh6 10. Bf4 e6 11. Bg5 Qe8 12. Be4 Ba6 13. Qd2 Bxf1 14. Bxh6 Na6 15.
Bxg7 Kxg7 16. Bxa8 Nc5 17. Nc3 Bxg2 18. Kxg2 Qxa8 19. Rd1 a5 20. Qf4 Qc6 21.
Kg3 b5 22. Nd4 Qb7 23. Qf6+ Kg8 24. Qf3 Qxf3+ 25. Nxf3 b4 26. Nb5 c6 27. Na7
Ne4+ 28. Kg2 c5 29. Re1 f5 30. exf6 Nxf6 31. Rxe6 Nd5 32. Kg3 c4 33. Ra6 Nf4
34. Nd4 Nh5+ 35. Kg2 Nf4+ 36. Kg3 Nh5+ 37. Kg2 Nf4+ 38. Kf1 Nxh3 39. f3 g5 40.
Rxa5 h6 41. Nac6 Rf4 42. Kg2 Rh4 43. Nf5 Nf4+ 44. Kg3 Rh3+ 45. Kg4 Rh2 46. Nxb4
Rg2+ 47. Ng3 Ne2 48. Kh5 Rxg3 49. Kxh6 Rxf3 50. Kxg5 c3 51. b3 Rf2 52. Rc5 Ng3
53. Kg6 Kf8 54. Rxc3 Nf5 55. a4 Ne7+ 56. Kg5 Ke8 57. Rd3 Kf7 58. Kg4 Ke6 59. a5
Nc8 60. a6 Rf7 61. c4 Na7 62. Rd5 Rf8 63. Nd3 Nc6 64. Nf4+ 1-0